Alfabetización digital : módulo 2
Guardado en:
| Formato: | Libro |
|---|---|
| Publicado: |
Buenos Aires :
Educ.ar
|
| Materias: | |
| Etiquetas: |
Agregar Etiqueta
Sin Etiquetas, Sea el primero en etiquetar este registro!
|
| LEADER | 00776nam a22002295a 4500 | ||
|---|---|---|---|
| 001 | CEM.cems011665 | ||
| 008 | 130507b200?##################000#0#####d | ||
| 005 | 20241216124000.0 | ||
| 245 | 0 | 0 | |a Alfabetización digital : |b módulo 2 |
| 260 | |a Buenos Aires : |b Educ.ar | ||
| 505 | 0 | |a El CD Banco de recursos interactivos Inicial-EGB-Polimodal ha sido elaborado por Educ.ar SE, Ministerio de Educación, Ciencia y Tecnología. | |
| 082 | 0 | 4 | |a CD001.6 |
| 653 | |a Alfabetización digital | ||
| 653 | |a Informática | ||
| 653 | |a Computación | ||
| 653 | |a Recursos interactivos | ||
| 653 | |a Educación inicial | ||
| 653 | |a Educación primaria | ||
| 653 | |a Polimodal | ||
| 653 | |a Lengua | ||
| 653 | |a Matemática | ||
| 859 | |a CEMS |b BIB. CEMS - 11 de abril |h CD001.6 |i Ar37 |p 2069.44 |t Ej.1 |v 2 |3 2 | ||
